| 000 | 00463nam a2200181Ia 4500 | ||
|---|---|---|---|
| 005 | 20260429111842.0 | ||
| 008 | 260429s9999||||xx |||||||||||||| ||und|| | ||
| 020 | _a9788180521607 | ||
| 041 | _aEnglish | ||
| 082 |
_a660.65 _bSOB |
||
| 100 | _aSobti, R. C. | ||
| 245 | 0 |
_aEssentials of biotechnology / _cR. C. Sobti |
|
| 250 | _a1st ed. | ||
| 260 |
_aNew Delhi : _bAne Books, _c2025. |
||
| 300 | _axxvii, 792 p.; hb | ||
| 650 | _aBiotechnology | ||
| 942 | _cTB | ||
| 999 |
_c51145 _d51145 |
||